| Tag |
First Indicator |
Second Indicator |
Subfields |
| LEADER |
00000cas a2200000 a 4500 |
| 001 |
in00000079729 |
| 005 |
20151008053959.0 |
| 008 |
741230d19661978fr uu7p 0uuub0fremu |
| 010 |
|
|
|a sn 78002198
|
| 012 |
|
|
|e n
|
| 022 |
0 |
|
|a 0567-655X
|
| 030 |
|
|
|a CHDDAT
|
| 035 |
|
|
|a (OCoLC)01124701
|
| 035 |
|
|
|9 AAH9262AM
|
| 040 |
|
|
|c NLM
|d SUL
|d OCL
|d MUL
|d NSD
|d NYG
|d NSD
|d TXA
|d UtOrBLW
|
| 042 |
|
|
|a nsdp
|
| 049 |
|
|
|a TXAE
|
| 060 |
|
0 |
|a W1 CO457CN
|
| 090 |
|
|
|a Q2
|b .A26
|
| 092 |
|
|
|a 506
|b qA16
|
| 222 |
|
0 |
|a Comptes rendus hebdomadaires des seances de l'Academie des sciences. Serie D. Sciences naturelles
|
| 245 |
0 |
0 |
|a Comptes rendus hebdomadaires des seances de l'Academie des sciences.
|n Serie D,
|p Sciences naturelles.
|
| 264 |
|
1 |
|a Paris :
|b Gauthier-Villars,
|c [1966-1978]
|
| 300 |
|
|
|a 26 volumes :
|b illustrations ;
|c 26-27 cm.
|
| 336 |
|
|
|a text
|b txt
|2 rdacontent
|
| 337 |
|
|
|a unmediated
|b n
|2 rdamedia
|
| 338 |
|
|
|a volume
|b nc
|2 rdacarrier
|
| 362 |
0 |
|
|a T. 262 (jan. 1966)-t. 287 (dec. 1978).
|
| 650 |
|
0 |
|a Biology
|v Periodicals.
|
| 650 |
|
0 |
|a Medicine
|v Periodicals.
|
| 710 |
2 |
|
|a Académie des sciences (France)
|
| 780 |
0 |
1 |
|t Comptes rendus hebdomadaires des seances de l'Academie des sciences
|x 0001-4036
|w (OCoLC)1124612
|
| 785 |
0 |
0 |
|t Comptes rendus des seances de lAcademie des sciences. Serie D, sciences naturelles
|
| 999 |
|
|
|a MARS
|
| 999 |
f |
f |
|s fdfa5c9d-e653-3368-8aa3-9c8c77e420b7
|i 542ce02f-d4cd-3078-bc53-1eed56f21f03
|t 0
|
| 952 |
f |
f |
|a Texas A&M University
|b College Station
|c Sterling C. Evans Library
|d Evans: Library Stacks
|t 0
|e Q2 .A26
|h Library of Congress classification
|
| 998 |
f |
f |
|a Q2 .A26
|s t.262-287 (1966-1978)
|t 0
|l Evans: Library Stacks
|